000 00297nam a22001337a 4500
020 _a0-7214-1934-8
082 _a823
_bJAN/B
100 _aJEAN
100 _aADAMSON, GARETH
245 _aTHE BIG SURPRISE
_bTOPSY + TIM
260 _aUK
_bLADYBIRD
650 _aENGLISH SHORT STORY
_zUK
942 _cBK
999 _c4071
_d4071